Statystyki dla Reprezentacje Mistrzostw Świata 2022 grające w 1/8 finału po fladze

Kliknij tutaj aby rozwiązać quiz!

Ogólne statystyki

  • Ten quiz został rozwiązany 90 razy
  • Średni wynik to 16 z 16

Statystyki odpowiedzi

Odpowiedź% Poprawnych
Chorwacja
100%
Holandia
100%
Korea Południowa
100%
Polska
100%
Argentyna
99%
Australia
99%
Brazylia
99%
Francja
99%
Hiszpania
99%
Japonia
99%
Portugalia
99%
Stany Zjednoczone
99%
Szwajcaria
99%
Anglia
98%
Maroko
98%
Senegal
96%

Rozkład punktacji

Percentyl według liczby udzielonych odpowiedzi

Procent ludzi z każdym wynikiem

Twoja historia wyników

Nie rozwiązałeś tego quizu